000 00675nam a2200277Ia 4500
005 20260324133948.0
008 008 260324s9999 xx 000 0 eng d
020 _a9780203049563
037 _aEBOOK
040 _aCRL
040 _beng
040 _cCRL
041 _2eng
041 _aeng
084 _qCRL
100 _aThomas P O'Connor
_91195046
245 0 _aReligion, the Community, and the Rehabilitation of Criminal Offenders
260 _bTaylor and Francis
260 _c2002
365 _a
365 _b230
856 _uhttp://www.taylorfrancis.com/books/9780203049563
942 _cEBOOK
999 _c1794641
_d1794641